Central Library OPAC University of Rajshahi
Normal view MARC view

Entry Personal Name

Number of records used in: 2

001 - CONTROL NUMBER

  • control field: 6953

003 - CONTROL NUMBER IDENTIFIER

  • control field: BD-RjUL

005 - DATE AND TIME OF LATEST TRANSACTION

  • control field: 20230213095336.0

008 - FIXED-LENGTH DATA ELEMENTS

  • fixed length control field: 230213|| aca||aabn | a|a d

040 ## - CATALOGING SOURCE

  • Original cataloging agency: BD-RjUL
  • Transcribing agency: BD-RjUL

100 ## - HEADING--PERSONAL NAME

  • Personal name: باغپتی٫ طالب Baghpati, Talib

670 ## - SOURCE DATA FOUND

  • Source citation: Work cat.: (BD-RjUL)81211: باغپتی٫ طالب Baghpati, Talib, شاخ بنات., / Shāk̲h̲-i Banāt. /, 1975